[Event "4. Moscu Open 2008"]
[Site "Moscu RUS"]
[Date "2008.02.04"]
[Round "3.89"]
[White "Rettore, Ludwig"]
[Black "Zemtsov, Igor"]
[Result "1-0"]
[WhiteElo "2210"]
[BlackElo "2400"]
[PlyCount "29"]
[EventDate "2008.02.02"]
[EventType "swiss"]
[EventRounds "9"]
[EventCountry "RUS"]
[Source "lmi"]
[SourceDate "2008.02.02"]

1. e4 c5 2. Nf3 Nf6 3. e5 Nd5 4. Nc3 e6 5. d4 Nc6 6. Bc4 Nb6 7. Bb5 cxd4 8. Ne4
d5 9. exd6 f5 10. Bxc6+ bxc6 11. Bg5 Qd7 12. Ne5 Qb7 13. Qh5+ g6 14. Nf6+ Kd8
15. Nxh7+ 1-0

[Event "4. Moscu Open 2008"]
[Site "Moscu RUS"]
[Date "2008.02.04"]
[Round "3.90"]
[White "Urjubdshzirov, Erdni"]
[Black "Peregudov, Nickolai"]
[Result "0-1"]
[WhiteElo "2173"]
[BlackElo "2398"]
[PlyCount "108"]
[EventDate "2008.02.02"]
[EventType "swiss"]
[EventRounds "9"]
[EventCountry "RUS"]
[Source "lmi"]
[SourceDate "2008.02.02"]

1. e4 c5 2. Nf3 e6 3. d4 cxd4 4. Nxd4 a6 5. Nc3 Qc7 6. g3 Nf6 7. Bg2 Be7 8. O-O
d6 9. Re1 Bd7 10. Be3 Nc6 11. Nxc6 Bxc6 12. a4 Rc8 13. a5 Nd7 14. Bd4 O-O 15.
Nd5 Bxd5 16. exd5 e5 17. Bc3 f5 18. Qd2 Bf6 19. Bh3 g6 20. g4 e4 21. gxf5 Bxc3
22. bxc3 Ne5 23. Bg2 gxf5 24. Re3 Kh8 25. Kh1 Rg8 26. Qd4 f4 27. Rxe4 Qg7 28.
Bh3 Rc4 29. Qxc4 Nxc4 30. Rxc4 Qg5 31. f3 Qh5 32. Bg2 Qxd5 33. Rxf4 Qd2 34. Rg4
Qxc3 35. Rg1 Qxa5 36. Rxg8+ Kxg8 37. f4 Kf8 38. Bxb7 Qa4 39. Rg2 Qb5 40. Be4
Qf1+ 41. Rg1 Qxf4 42. Bxh7 Qf3+ 43. Rg2 Qd1+ 44. Rg1 Qd5+ 45. Rg2 a5 46. h3 a4
47. c3 a3 48. Bb1 Qd1+ 49. Rg1 Qe2 50. h4 Qf2 51. h5 Qf3+ 52. Kh2 Qxh5+ 53. Kg3
Qg5+ 54. Kf2 Qd2+ 0-1

[Event "4. Moscu Open 2008"]
[Site "Moscu RUS"]
[Date "2008.02.04"]
[Round "3.91"]
[White "Tonoian, Armen"]
[Black "Krivolapov, Vasily"]
[Result "1-0"]
[WhiteElo "2398"]
[BlackElo "2135"]
[PlyCount "77"]
[EventDate "2008.02.02"]
[EventType "swiss"]
[EventRounds "9"]
[EventCountry "RUS"]
[Source "lmi"]
[SourceDate "2008.02.02"]

1. d4 d5 2. c4 c6 3. Nc3 Nf6 4. e3 a6 5. Qc2 g6 6. Bd3 Bg7 7. Nf3 b5 8. b3 O-O
9. O-O Bg4 10. Ne5 Be6 11. Ne2 Nfd7 12. Nxd7 Nxd7 13. Nf4 dxc4 14. Be4 Bd5 15.
Nxd5 cxd5 16. Bxd5 Rc8 17. Ba3 Nb6 18. Bf3 cxb3 19. Qe4 b2 20. Bxb2 Nc4 21. Bc3
a5 22. Rfc1 b4 23. Be1 e5 24. dxe5 Nxe5 25. Be2 f5 26. Qb1 Kh8 27. Qb3 Nc6 28.
Rab1 Qe7 29. Qa4 Qd6 30. Bb5 Ne5 31. Qxa5 Ng4 32. g3 g5 33. Qa6 Rxc1 34. Rxc1
Qe5 35. Qc6 f4 36. Be2 Nxe3 37. Bxb4 fxg3 38. hxg3 Rf6 39. Qa8+ 1-0

[Event "4. Moscu Open 2008"]
[Site "Moscu RUS"]
[Date "2008.02.04"]
[Round "3.92"]
[White "Zhadanov, Vasili B"]
[Black "Potapov, Pavel"]
[Result "0-1"]
[WhiteElo "2164"]
[BlackElo "2395"]
[PlyCount "94"]
[EventDate "2008.02.02"]
[EventType "swiss"]
[EventRounds "9"]
[EventCountry "RUS"]
[Source "lmi"]
[SourceDate "2008.02.02"]

1. e4 c5 2. Nf3 Nc6 3. d4 cxd4 4. Nxd4 e5 5. Nb5 d6 6. c4 Be7 7. N1c3 a6 8. Na3
f5 9. exf5 Bxf5 10. Bd3 Be6 11. O-O Nf6 12. Nc2 O-O 13. Bg5 Rc8 14. Bxf6 gxf6
15. Be4 Kh8 16. Qh5 f5 17. Bd5 Bd7 18. Kh1 Rf6 19. g3 Qf8 20. Rac1 Qg7 21. f4
Rh6 22. Qf3 e4 23. Qf2 Bf6 24. Bxc6 bxc6 25. Ne3 Rg8 26. Kg1 Bd4 27. Qd2 Be6
28. Rcd1 Bxe3+ 29. Qxe3 Bxc4 30. Rf2 Bd3 31. Rxd3 exd3 32. Qxd3 Re8 33. Re2
Rhe6 34. Rxe6 Rxe6 35. Qxf5 Re8 36. Qd3 Qa7+ 37. Kg2 d5 38. Nd1 d4 39. Nf2 c5
40. Ng4 Qb7+ 41. Kh3 Qc8 42. Kh4 Qe6 43. f5 Qe4 44. Qf1 Rg8 45. h3 d3 46. Qc1
Qxf5 47. Qc3+ Rg7 0-1

[Event "4. Moscu Open 2008"]
[Site "Moscu RUS"]
[Date "2008.02.04"]
[Round "3.93"]
[White "Krivoborodov, Egor"]
[Black "Galiaev, Andrey"]
[Result "1/2-1/2"]
[WhiteElo "2394"]
[BlackElo "2314"]
[PlyCount "77"]
[EventDate "2008.02.02"]
[EventType "swiss"]
[EventRounds "9"]
[EventCountry "RUS"]
[Source "lmi"]
[SourceDate "2008.02.02"]

1. e4 c5 2. Nf3 Nc6 3. Bb5 g6 4. Bxc6 bxc6 5. O-O Bg7 6. Re1 d5 7. d3 Bg4 8. h3
Bxf3 9. Qxf3 e6 10. c4 Ne7 11. Nc3 O-O 12. Bf4 e5 13. Bg3 d4 14. Na4 Qa5 15. b3
Nc8 16. Qd1 Nb6 17. f4 Nxa4 18. bxa4 Rab8 19. fxe5 Rb2 20. Re2 Rxe2 21. Qxe2
Qc7 22. Qg4 Bxe5 23. Bxe5 Qxe5 24. Rf1 Qd6 25. Qf3 f5 26. exf5 Rxf5 27. Qe4
Rxf1+ 28. Kxf1 Kf7 29. Ke2 Qe6 30. Kf3 Qxe4+ 31. Kxe4 Ke6 32. h4 h6 33. Kf4 Kf6
34. a5 a6 35. g3 Ke6 36. g4 Kf6 37. g5+ hxg5+ 38. hxg5+ Ke6 39. Ke4 1/2-1/2

[Event "4. Moscu Open 2008"]
[Site "Moscu RUS"]
[Date "2008.02.04"]
[Round "3.94"]
[White "Yeo, Michael J"]
[Black "Polivanov, Anatoliy"]
[Result "0-1"]
[WhiteElo "2110"]
[BlackElo "2391"]
[PlyCount "44"]
[EventDate "2008.02.02"]
[EventType "swiss"]
[EventRounds "9"]
[EventCountry "RUS"]
[Source "lmi"]
[SourceDate "2008.02.02"]

1. e4 e6 2. d4 d5 3. Nc3 Bb4 4. a3 Bxc3+ 5. bxc3 dxe4 6. Qg4 Nf6 7. Qxg7 Rg8 8.
Qh6 Rg6 9. Qd2 Nc6 10. Ne2 Bd7 11. c4 Ne7 12. Qc3 Nf5 13. d5 Qe7 14. Bf4 exd5
15. cxd5 Nxd5 16. Qh8+ Qf8 17. Qe5+ Be6 18. Rd1 Rd8 19. c4 Nxf4 20. Nxf4 Rxd1+
21. Kxd1 Qxa3 22. Nd5 Qd6 0-1

[Event "4. Moscu Open 2008"]
[Site "Moscu RUS"]
[Date "2008.02.04"]
[Round "3.95"]
[White "Samedov, ALim"]
[Black "Macieja, Bartlomiej"]
[Result "0-1"]
[WhiteElo "2094"]
[BlackElo "2617"]
[PlyCount "54"]
[EventDate "2008.02.02"]
[EventType "swiss"]
[EventRounds "9"]
[EventCountry "RUS"]
[Source "lmi"]
[SourceDate "2008.02.02"]

1. d4 Nf6 2. c4 e6 3. Nc3 Bb4 4. Qc2 c5 5. dxc5 O-O 6. Nf3 Na6 7. Bg5 Nxc5 8.
Nd2 h6 9. Bh4 b6 10. O-O-O Bxc3 11. Qxc3 Nfe4 12. Qh3 Qc7 13. e3 Ba6 14. f3
Nxd2 15. Rxd2 d5 16. Bg3 Qc6 17. b3 dxc4 18. Rd6 Qc8 19. bxc4 b5 20. Qh4 bxc4
21. Rd4 Nd3+ 22. Kd2 Qc5 23. Bxd3 cxd3 24. Rc1 Qa5+ 25. Rb4 Qxa2+ 26. Kc3 Rac8+
27. Kd4 Qd5# 0-1

[Event "4. Moscu Open 2008"]
[Site "Moscu RUS"]
[Date "2008.02.04"]
[Round "3.96"]
[White "Deviatkin, Andrei"]
[Black "Kachar, Vladimir"]
[Result "1-0"]
[WhiteElo "2543"]
[BlackElo "2342"]
[PlyCount "65"]
[EventDate "2008.02.02"]
[EventType "swiss"]
[EventRounds "9"]
[EventCountry "RUS"]
[Source "lmi"]
[SourceDate "2008.02.02"]

1. e4 c5 2. Nf3 e6 3. b3 a6 4. Bb2 Nc6 5. c4 Nf6 6. e5 Ng4 7. h3 Nh6 8. Bd3 d6
9. exd6 Qxd6 10. Be4 f6 11. O-O Be7 12. d4 cxd4 13. Nxd4 Bd7 14. Qh5+ Nf7 15.
Rd1 Qe5 16. Nxe6 Qxb2 17. Nc7+ Kf8 18. Rxd7 Qxa1 19. Nxa8 g6 20. Qd1 Nce5 21.
Rd2 Bb4 22. Re2 Kg7 23. Nc7 Rb8 24. f4 Nc6 25. Kh2 Bd6 26. Ne6+ Kg8 27. c5 Bf8
28. Qd7 Bh6 29. g3 f5 30. Bd5 Qxb1 31. Ng5 Bxg5 32. Qxf7+ Kh8 33. Re8+ 1-0

[Event "4. Moscu Open 2008"]
[Site "Moscu RUS"]
[Date "2008.02.04"]
[Round "3.98"]
[White "Isajevsky, Anton"]
[Black "Benza, Artem"]
[Result "1-0"]
[WhiteElo "2469"]
[BlackElo "2333"]
[PlyCount "139"]
[EventDate "2008.02.02"]
[EventType "swiss"]
[EventRounds "9"]
[EventCountry "RUS"]
[Source "lmi"]
[SourceDate "2008.02.02"]

1. d4 d5 2. Nf3 e6 3. c4 c5 4. cxd5 exd5 5. g3 Nc6 6. Bg2 c4 7. O-O Bb4 8. b3
cxb3 9. Qxb3 Nge7 10. Ne5 Ba5 11. Nxc6 bxc6 12. Ba3 O-O 13. e3 Re8 14. Rc1 Bd7
15. Nc3 Rb8 16. Qd1 Nf5 17. Bc5 Ra8 18. Ne2 Bc7 19. Rab1 Bc8 20. Qa4 Re6 21.
Re1 Ba5 22. Red1 Bc7 23. Nf4 Bxf4 24. exf4 Qc7 25. Rdc1 Bd7 26. Qa6 Bc8 27. Qa4
Bd7 28. Qb3 Nd6 29. Bh3 f5 30. Bxd6 Rxd6 31. Re1 Kf7 32. Qa3 g6 33. Re3 Rb8 34.
Rxb8 Qxb8 35. Rb3 Qc7 36. Qc5 Bc8 37. Bf1 Re6 38. Ra3 Re7 39. Ba6 Bd7 40. Rb3
Bc8 41. Ra3 Bd7 42. Bd3 Bc8 43. Rc3 Qb8 44. Qxc6 Be6 45. Qc5 Qb2 46. Ra3 Qb8
47. Kg2 Qb7 48. Ra6 Rc7 49. Qd6 Re7 50. Qe5 Qc8 51. Rd6 h5 52. Be2 Qc2 53. Bf3
Qxa2 54. Qh8 Re8 55. Qe5 Re7 56. Rd8 Qa4 57. Bxd5 Bxd5+ 58. Qxd5+ Re6 59. Qb7+
Re7 60. Qa8 Qb5 61. d5 Qb6 62. Rb8 Qc7 63. Rg8 Kf6 64. Qf8+ Rf7 65. Qh6 Rg7 66.
Rf8+ Rf7 67. Re8 Rg7 68. Qh8 g5 69. Re6+ Kf7 70. Qe8# 1-0

[Event "4. Moscu Open 2008"]
[Site "Moscu RUS"]
[Date "2008.02.04"]
[Round "3.99"]
[White "Kruglov, Viktor"]
[Black "Konovalov, Nikolay"]
[Result "0-1"]
[WhiteElo "2336"]
[BlackElo "2453"]
[PlyCount "92"]
[EventDate "2008.02.02"]
[EventType "swiss"]
[EventRounds "9"]
[EventCountry "RUS"]
[Source "lmi"]
[SourceDate "2008.02.02"]

1. e4 c5 2. Nf3 Nc6 3. d4 cxd4 4. Nxd4 Nf6 5. Nc3 d6 6. Bc4 Qb6 7. Nb3 e6 8.
Bf4 Ne5 9. Be2 Be7 10. Be3 Qc7 11. f4 Nc6 12. Bf3 a6 13. O-O O-O 14. a4 b6 15.
g4 Bb7 16. g5 Nd7 17. Bg2 Rfe8 18. Rf3 Rad8 19. Rh3 Nf8 20. f5 d5 21. fxe6 fxe6
22. exd5 Nb4 23. Qh5 Nxd5 24. Be4 Nxe3 25. Bxh7+ Nxh7 26. Qxh7+ Kf8 27. Qh8+
Kf7 28. Qh5+ Kf8 29. Qh8+ Kf7 30. g6+ Kxg6 31. Qh5+ Kf6 32. Rxe3 g6 33. Qh7 Rh8
34. Rf1+ Kg5 35. h4+ Kg4 36. Qxg6+ Kxh4 37. Qxe6 Rhg8+ 38. Kf2 Rdf8+ 39. Ke1
Rxf1+ 40. Kxf1 Qf4+ 41. Ke1 Rg1+ 42. Kd2 Qh2+ 43. Ne2 Bg5 44. Qc4+ Rg4 45. Nbd4
Qf2 46. Qe6 Be4 0-1

[Event "4. Moscu Open 2008"]
[Site "Moscu RUS"]
[Date "2008.02.04"]
[Round "3.100"]
[White "Nakhapetiane, Pogos"]
[Black "Airapetian, Gor"]
[Result "1/2-1/2"]
[WhiteElo "2442"]
[BlackElo "2318"]
[PlyCount "66"]
[EventDate "2008.02.02"]
[EventType "swiss"]
[EventRounds "9"]
[EventCountry "RUS"]
[Source "lmi"]
[SourceDate "2008.02.02"]

1. e4 e6 2. d4 d5 3. Nc3 Nf6 4. e5 Nfd7 5. f4 c5 6. Nf3 Nc6 7. Be3 a6 8. Qd2 b5
9. dxc5 Bxc5 10. Ne2 Qb6 11. Bxc5 Nxc5 12. Nfd4 Nxd4 13. Nxd4 b4 14. Qe3 O-O
15. Bd3 a5 16. O-O Ba6 17. f5 Bxd3 18. cxd3 exf5 19. Nxf5 Qa7 20. Kh1 Ne6 21.
Qf3 Nd4 22. Qxd5 Nxf5 23. Rxf5 Rad8 24. Qf3 Qd4 25. Rf1 Qxd3 26. Qxd3 Rxd3 27.
e6 f6 28. Rxa5 Re8 29. Ra6 Rd2 30. b3 Re2 31. Kg1 R8xe6 32. Rxe6 Rxe6 33. Rf4
Re2 1/2-1/2

[Event "4. Moscu Open 2008"]
[Site "Moscu RUS"]
[Date "2008.02.04"]
[Round "3.101"]
[White "Eliseev, Alexei"]
[Black "Shumilina, Alexandra"]
[Result "1-0"]
[WhiteElo "2412"]
[BlackElo "2317"]
[PlyCount "99"]
[EventDate "2008.02.02"]
[EventType "swiss"]
[EventRounds "9"]
[EventCountry "RUS"]
[Source "lmi"]
[SourceDate "2008.02.02"]

1. b3 d5 2. Bb2 Bf5 3. e3 e6 4. f4 Nf6 5. Nf3 Nbd7 6. Be2 h6 7. O-O Bd6 8. Ne5
c6 9. d3 Qc7 10. Nxd7 Qxd7 11. Nd2 Qe7 12. Nf3 Ba3 13. Bc3 Bb4 14. Bd4 Bc5 15.
c3 O-O 16. Qd2 Bxd4 17. cxd4 c5 18. dxc5 Qxc5 19. Rac1 Qb6 20. Rc2 Rfc8 21.
Rfc1 Rxc2 22. Rxc2 a5 23. Nd4 a4 24. b4 a3 25. Qc3 Bg6 26. Qc5 Qxc5 27. Rxc5
Ne8 28. Kf2 Kf8 29. Ke1 Ke7 30. Kd2 Kd7 31. f5 Bxf5 32. Nxf5 exf5 33. Rxd5+ Nd6
34. Bf3 Ra4 35. Kc3 b6 36. g4 fxg4 37. Bxg4+ Ke7 38. e4 Ra7 39. e5 Ne8 40. Kb3
g6 41. d4 h5 42. Be2 f5 43. Rb5 Rb7 44. d5 Kd7 45. d6 Ng7 46. Rd5 Ne6 47. Bb5+
Kd8 48. Kc4 f4 49. Rd3 Rf7 50. Kd5 1-0

[Event "4. Moscu Open 2008"]
[Site "Moscu RUS"]
[Date "2008.02.04"]
[Round "3.102"]
[White "Potapov, Alexey"]
[Black "Moskalenko, Alexander"]
[Result "1-0"]
[WhiteElo "2320"]
[BlackElo "2402"]
[PlyCount "67"]
[EventDate "2008.02.02"]
[EventType "swiss"]
[EventRounds "9"]
[EventCountry "RUS"]
[Source "lmi"]
[SourceDate "2008.02.02"]

1. c4 g6 2. g3 Bg7 3. Bg2 c5 4. Nc3 Nc6 5. e3 Nh6 6. h4 d6 7. Nge2 e5 8. d3 Bg4
9. Rb1 a5 10. a3 O-O 11. Nd5 f5 12. f3 Bh5 13. Nec3 g5 14. hxg5 Qxg5 15. Kf2 f4
16. exf4 exf4 17. Nxf4 Bf7 18. Ne4 Qe7 19. Bh3 Nd4 20. Kg2 b5 21. Nd5 Bxd5 22.
cxd5 Nhf5 23. f4 Qb7 24. Qh5 Qxd5 25. Bxf5 Rxf5 26. Qxh7+ Kf7 27. Rh6 Rd8 28.
g4 Re8 29. Rxd6 Rxe4 30. Qxf5+ Qxf5 31. gxf5 Re2+ 32. Kf1 Rh2 33. Rd7+ Kf8 34.
Be3 1-0

[Event "4. Moscu Open 2008"]
[Site "Moscu RUS"]
[Date "2008.02.04"]
[Round "3.103"]
[White "Kotenko, Pavel"]
[Black "Gankin, Stanislav"]
[Result "1/2-1/2"]
[WhiteElo "2390"]
[BlackElo "2308"]
[PlyCount "50"]
[EventDate "2008.02.02"]
[EventType "swiss"]
[EventRounds "9"]
[EventCountry "RUS"]
[Source "lmi"]
[SourceDate "2008.02.02"]

1. e4 e6 2. d4 d5 3. Nd2 c5 4. exd5 exd5 5. Ngf3 Nc6 6. Bb5 Bd6 7. dxc5 Bxc5 8.
O-O Nge7 9. Nb3 Bd6 10. Bg5 O-O 11. Re1 Bg4 12. Be2 h6 13. Bh4 Qb6 14. Nfd4
Bxe2 15. Rxe2 Rfe8 16. Bxe7 Bxe7 17. Nf5 Bf6 18. c3 Rxe2 19. Qxe2 d4 20. cxd4
Bxd4 21. Nbxd4 Nxd4 22. Nxd4 Qxd4 23. Rd1 Qa4 24. b3 Qc6 25. h3 Re8 1/2-1/2

[Event "4. Moscu Open 2008"]
[Site "Moscu RUS"]
[Date "2008.02.04"]
[Round "3.104"]
[White "Orlinkov, Maxim L"]
[Black "Yarysh, Grigorij"]
[Result "1/2-1/2"]
[WhiteElo "2384"]
[BlackElo "2294"]
[PlyCount "46"]
[EventDate "2008.02.02"]
[EventType "swiss"]
[EventRounds "9"]
[EventCountry "RUS"]
[Source "lmi"]
[SourceDate "2008.02.02"]

1. d4 d6 2. Nf3 Nf6 3. c4 g6 4. Nc3 Bg7 5. Bg5 h6 6. Bh4 g5 7. Bg3 Nh5 8. e3
Nxg3 9. hxg3 c5 10. dxc5 dxc5 11. Qxd8+ Kxd8 12. O-O-O+ Bd7 13. Bd3 Kc8 14. Nd2
Bxc3 15. bxc3 f6 16. Rh2 Nc6 17. Rdh1 Ne5 18. Be2 Nf7 19. f4 Kc7 20. Ne4 b6 21.
Bh5 Rhf8 22. Bxf7 Rxf7 23. Rxh6 Bc6 1/2-1/2

[Event "4. Moscu Open 2008"]
[Site "Moscu RUS"]
[Date "2008.02.04"]
[Round "3.105"]
[White "Gritsenko, Andrey"]
[Black "Abasov, Nijat Azad"]
[Result "1/2-1/2"]
[WhiteElo "2317"]
[BlackElo "2381"]
[PlyCount "82"]
[EventDate "2008.02.02"]
[EventType "swiss"]
[EventRounds "9"]
[EventCountry "RUS"]
[Source "lmi"]
[SourceDate "2008.02.02"]

1. e4 Nf6 2. e5 Nd5 3. d4 d6 4. Nf3 Bg4 5. Be2 e6 6. O-O Be7 7. c4 Nb6 8. Nc3
O-O 9. h3 Bh5 10. Be3 Nc6 11. exd6 cxd6 12. d5 Bxf3 13. Bxf3 Ne5 14. dxe6 Nbxc4
15. exf7+ Kh8 16. Bd4 Nxb2 17. Qe2 Nbd3 18. Bxb7 Rb8 19. Rab1 Qd7 20. Qe4 Rxf7
21. Bd5 Rxb1 22. Rxb1 Rf4 23. Rb8+ Bd8 24. Qe3 Rf8 25. f3 Nf4 26. Kh2 Qf5 27.
Be4 Qf7 28. Rb7 Qh5 29. Rxa7 Bg5 30. Bxe5 dxe5 31. Qf2 Ne6 32. Nd5 Bh4 33. Qe3
Bd8 34. a4 Bg5 35. Qb6 Nf4 36. Qd6 Re8 37. Qd7 Rg8 38. Qg4 Qh6 39. g3 Nxd5 40.
Bxd5 Qb6 41. Bxg8 Qf2+ 1/2-1/2

[Event "4. Moscu Open 2008"]
[Site "Moscu RUS"]
[Date "2008.02.04"]
[Round "3.106"]
[White "Soltanici, Ruslan"]
[Black "Aldokhin, Ivan"]
[Result "0-1"]
[WhiteElo "2379"]
[BlackElo "2172"]
[PlyCount "82"]
[EventDate "2008.02.02"]
[EventType "swiss"]
[EventRounds "9"]
[EventCountry "RUS"]
[Source "lmi"]
[SourceDate "2008.02.02"]

1. e4 c5 2. Nf3 e6 3. d4 cxd4 4. Nxd4 a6 5. Nc3 Qc7 6. Bd3 Nf6 7. O-O Bd6 8. h3
Nc6 9. Nb3 Bf4 10. Qe2 O-O 11. Be3 b5 12. Rae1 b4 13. Nd1 Bxe3 14. Nxe3 d6 15.
f4 a5 16. Nd2 Bb7 17. Ng4 Nxg4 18. Qxg4 e5 19. Kh1 exf4 20. Qxf4 Rae8 21. Nf3
Ne5 22. Nd4 Ng6 23. Qg3 Re5 24. Nf5 Rfe8 25. h4 h5 26. Rd1 Bxe4 27. Bxe4 Rxe4
28. Rxd6 Rg4 29. Nh6+ Kh7 30. Nxg4 hxg4 31. h5 Ne5 32. Rd2 f6 33. Qf2 Qc8 34.
Re2 Kh6 35. Qa7 Qc4 36. Ref2 Nc6 37. Qc7 Re5 38. Rf5 g3 39. Rxf6+ gxf6 40.
Rxf6+ Kg5 41. Rg6+ Kh4 0-1

[Event "4. Moscu Open 2008"]
[Site "Moscu RUS"]
[Date "2008.02.04"]
[Round "3.109"]
[White "Pileckis, Emilis"]
[Black "Shefer, Alexander"]
[Result "1-0"]
[WhiteElo "2364"]
[BlackElo "2113"]
[PlyCount "125"]
[EventDate "2008.02.02"]
[EventType "swiss"]
[EventRounds "9"]
[EventCountry "RUS"]
[Source "lmi"]
[SourceDate "2008.02.02"]

1. Nf3 Nf6 2. c4 e6 3. Nc3 c5 4. d4 cxd4 5. Nxd4 d6 6. g3 Be7 7. Bg2 O-O 8. O-O
a6 9. b3 Qc7 10. Bb2 Ra7 11. Rc1 b6 12. e4 Nbd7 13. f4 Bb7 14. f5 e5 15. Nd5
Qd8 16. Nc2 Nc5 17. Nxf6+ Bxf6 18. Qe2 b5 19. Ba3 Qb6 20. Kh1 Rc8 21. Rfd1 Bg5
22. Rb1 Ba8 23. h4 Be7 24. Bxc5 Qxc5 25. Ne3 bxc4 26. Nxc4 Bc6 27. b4 Qb5 28.
Qe3 Qb8 29. Nb6 Rf8 30. Rbc1 Rc7 31. a4 Rd8 32. a5 Bb7 33. Rxc7 Qxc7 34. Rc1
Qb8 35. Rc4 Re8 36. Kh2 h6 37. Nd7 Qd8 38. Nb6 Qb8 39. Qc1 Bd8 40. Nd5 Bxd5 41.
exd5 Qb5 42. Be4 Be7 43. Kh3 Rf8 44. Qc2 Rd8 45. Rc7 Bf6 46. Qc4 Rb8 47. Qxb5
Rxb5 48. Rc8+ Kh7 49. Rc4 Kg8 50. Kg4 Kf8 51. Kf3 Ke8 52. Bd3 Kd7 53. Ke4 Bd8
54. Bc2 Ke7 55. Ba4 Rb8 56. Kd3 Rb7 57. Kc3 Ra7 58. Bc2 Bc7 59. Rc6 Kd8 60. Bd3
Ra8 61. Bxa6 Rb8 62. Bd3 f6 63. Kc4 1-0

[Event "4. Moscu Open 2008"]
[Site "Moscu RUS"]
[Date "2008.02.04"]
[Round "3.110"]
[White "Grechihin, Valery"]
[Black "Fazulyanov, Sergey"]
[Result "1/2-1/2"]
[WhiteElo "2306"]
[BlackElo "2355"]
[PlyCount "46"]
[EventDate "2008.02.02"]
[EventType "swiss"]
[EventRounds "9"]
[EventCountry "RUS"]
[Source "lmi"]
[SourceDate "2008.02.02"]

1. Nf3 d5 2. c4 c6 3. e3 Nf6 4. Nc3 Bg4 5. Qb3 Qb6 6. Qxb6 axb6 7. Ne5 Be6 8.
b3 g6 9. Bb2 Bg7 10. d4 Nbd7 11. f4 O-O 12. Nxd7 Bxd7 13. cxd5 Nxd5 14. Nxd5
cxd5 15. Bd3 Rfc8 16. Kd2 e6 17. a3 Bf8 18. b4 b5 19. Rhc1 Bc6 20. Rc2 Bd6 21.
Rac1 Rd8 22. g4 f6 23. h4 Rd7 1/2-1/2

[Event "4. Moscu Open 2008"]
[Site "Moscu RUS"]
[Date "2008.02.04"]
[Round "3.111"]
[White "Pisakov, Ilia"]
[Black "Vakhlamov, Igor L"]
[Result "1-0"]
[WhiteElo "2344"]
[BlackElo "2068"]
[PlyCount "95"]
[EventDate "2008.02.02"]
[EventType "swiss"]
[EventRounds "9"]
[EventCountry "RUS"]
[Source "lmi"]
[SourceDate "2008.02.02"]

1. d4 d5 2. c4 c6 3. Nf3 Nf6 4. Nc3 a6 5. a4 e6 6. g3 dxc4 7. Bg2 Nbd7 8. Nd2
e5 9. Nxc4 exd4 10. Qxd4 Bc5 11. Nd6+ Kf8 12. Qf4 g5 13. Qd2 Nb6 14. Nde4 Qxd2+
15. Bxd2 Nxe4 16. Nxe4 Bd4 17. O-O-O Nxa4 18. b3 f5 19. bxa4 fxe4 20. Bb4+ c5
21. Rxd4 cxb4 22. Rxb4 Bd7 23. Bxe4 Rc8+ 24. Kb2 b5 25. Rd1 Ke7 26. Rxd7+ Kxd7
27. Bf5+ Kc6 28. Bxc8 Rxc8 29. axb5+ axb5 30. Kc3 Ra8 31. f4 gxf4 32. gxf4 Ra3+
33. Rb3 Ra4 34. Rb4 Ra3+ 35. Kd4 Rh3 36. e4 Rxh2 37. f5 Rf2 38. Ke5 h5 39. Ke6
Kc5 40. Rb1 h4 41. Rh1 b4 42. Rxh4 b3 43. Rh8 Re2 44. e5 b2 45. Rb8 Kc4 46. Kf6
Kc3 47. e6 Kc2 48. e7 1-0

[Event "4. Moscu Open 2008"]
[Site "Moscu RUS"]
[Date "2008.02.04"]
[Round "3.112"]
[White "Pichugin, Andrei"]
[Black "Stukopin, Andrey"]
[Result "0-1"]
[WhiteElo "2176"]
[BlackElo "2342"]
[PlyCount "106"]
[EventDate "2008.02.02"]
[EventType "swiss"]
[EventRounds "9"]
[EventCountry "RUS"]
[Source "lmi"]
[SourceDate "2008.02.02"]

1. e4 c5 2. Nf3 e6 3. d4 cxd4 4. Nxd4 a6 5. c4 Nf6 6. Nc3 Bb4 7. Bd3 Nc6 8.
Nxc6 dxc6 9. O-O e5 10. Qc2 Nd7 11. a3 Be7 12. Be3 Nc5 13. Rad1 Ne6 14. Ne2 a5
15. c5 a4 16. Kh1 Qa5 17. Rc1 O-O 18. f4 exf4 19. Nxf4 Nxf4 20. Bxf4 Be6 21.
Qf2 Rfd8 22. Qg3 Rd7 23. Be5 g6 24. Qf3 Rf8 25. Qe3 f6 26. Bg3 Rfd8 27. Be1 Qa7
28. Be2 Rf8 29. Qc3 Qa8 30. Bc4 Bf7 31. e5 Bxc4 32. Qxc4+ Rd5 33. Bc3 fxe5 34.
Bxe5 Bxc5 35. Bf6 b5 36. Qc3 Rf7 37. h3 Qf8 38. Rf3 Qd6 39. Rff1 Rd3 40. Qc2
Be3 41. Rce1 c5 42. Bc3 Rxf1+ 43. Rxf1 Qd5 44. Qe2 Qe4 45. Rf3 c4 46. Qf1 Qe7
47. Qb1 Qb7 48. Rf1 Bf4 49. Qe1 Rxh3+ 50. Kg1 Be3+ 51. Rf2 Bxf2+ 52. Kxf2 Qf7+
53. Kg1 Rh5 0-1

[Event "4. Moscu Open 2008"]
[Site "Moscu RUS"]
[Date "2008.02.04"]
[Round "3.113"]
[White "Aleshin, Oleg"]
[Black "Inants, Aghasi"]
[Result "1-0"]
[WhiteElo "2398"]
[BlackElo "2241"]
[PlyCount "77"]
[EventDate "2008.02.02"]
[EventType "swiss"]
[EventRounds "9"]
[EventCountry "RUS"]
[Source "lmi"]
[SourceDate "2008.02.02"]

1. d4 Nf6 2. Nf3 e6 3. c4 b6 4. Nc3 Bb7 5. a3 d5 6. cxd5 exd5 7. Bf4 Bd6 8.
Bxd6 Qxd6 9. Rc1 a6 10. g3 O-O 11. Bg2 Nbd7 12. O-O c5 13. dxc5 bxc5 14. Nh4
Nb6 15. e4 d4 16. e5 Qxe5 17. Bxb7 dxc3 18. Bxa8 cxb2 19. Rb1 c4 20. Re1 Qc5
21. Rxb2 Rxa8 22. Qf3 Nbd5 23. Nf5 c3 24. Rc2 Rb8 25. Rd1 Re8 26. Kg2 g6 27.
Nh6+ Kg7 28. Ng4 Ne4 29. Rd3 Qb5 30. Ne3 Nb6 31. Qd1 Na4 32. Rd8 Nd2 33. Rxe8
Qc6+ 34. f3 Qxe8 35. Qe2 Qe5 36. Qd3 Nb1 37. Nc4 Qb5 38. Qd4+ Kf8 39. Qh8+ 1-0

[Event "4. Moscu Open 2008"]
[Site "Moscu RUS"]
[Date "2008.02.04"]
[Round "3.114"]
[White "Loginov, Anton"]
[Black "Kostin, Alexey"]
[Result "1/2-1/2"]
[WhiteElo "2231"]
[BlackElo "2389"]
[PlyCount "82"]
[EventDate "2008.02.02"]
[EventType "swiss"]
[EventRounds "9"]
[EventCountry "RUS"]
[Source "lmi"]
[SourceDate "2008.02.02"]

1. d4 Nf6 2. c4 e6 3. Nc3 Bb4 4. e3 c5 5. Nge2 cxd4 6. exd4 d5 7. a3 Be7 8. c5
b6 9. b4 a5 10. Bf4 O-O 11. g3 axb4 12. axb4 Rxa1 13. Qxa1 Bd7 14. Bg2 Nc6 15.
Qb1 bxc5 16. bxc5 Qa5 17. Bd2 Rb8 18. Qd1 Qa6 19. O-O h6 20. h3 Qc4 21. Be3 Rb2
22. Re1 Bd8 23. Qa1 Rc2 24. Rc1 Rxc1+ 25. Qxc1 Ba5 26. Bf1 Bc8 27. Qa1 Ba6 28.
g4 Kf8 29. Qa4 Qxa4 30. Nxa4 Ne4 31. Nc1 Bxf1 32. Kxf1 Ke8 33. Ke2 Kd7 34. f3
Nc3+ 35. Nxc3 Bxc3 36. Kd3 Bb2 37. Ne2 Nb4+ 38. Kd2 Kc6 39. h4 Kb5 40. h5 e5
41. dxe5 Bxe5 1/2-1/2

[Event "4. Moscu Open 2008"]
[Site "Moscu RUS"]
[Date "2008.02.04"]
[Round "3.115"]
[White "Kargin, Arseny"]
[Black "Guerrero, Juan Carlos"]
[Result "1-0"]
[WhiteElo "2386"]
[BlackElo "2196"]
[PlyCount "53"]
[EventDate "2008.02.02"]
[EventType "swiss"]
[EventRounds "9"]
[EventCountry "RUS"]
[Source "lmi"]
[SourceDate "2008.02.02"]

1. e4 c5 2. Nf3 d6 3. d4 cxd4 4. Nxd4 Nf6 5. Nc3 a6 6. Be3 e5 7. Nde2 Ng4 8.
Qd2 Be7 9. O-O-O Be6 10. Kb1 O-O 11. f4 Nxe3 12. Qxe3 Nc6 13. f5 Bc4 14. Ng3 b5
15. b3 Bg5 16. Qf3 Nd4 17. Qg4 Bxf1 18. Rhxf1 f6 19. Nge2 b4 20. Nd5 Nb5 21. h4
Bh6 22. Nxb4 a5 23. Nd5 a4 24. b4 Rc8 25. Qf3 Rc4 26. Rd3 Rf7 27. Rfd1 1-0